000 00275nam a22001217a 4500
008 170330b xxu||||| |||| 00| 0 eng d
041 _aeng
080 _a616-053.2
100 _a8
101 _aSHM
245 _aVEICLE SAFETY INSPECTION SYDTEMS
_cCRAIN.W.M
942 _2udc
_cBK
999 _c9125
_d9125